[Event "COL-ch Antioquia Novato"]
[Site "Medellin"]
[Date "2010.??.??"]
[Round "5.11"]
[White "Polo, Salomon"]
[Black "Rico, Mauricio"]
[Result "1-0"]
[WhiteElo "1597"]
[BlackElo "1600"]
[PlyCount "73"]
[EventDate "2010.01.26"]
[EventType "tourn"]
[EventRounds "7"]
[EventCountry "COL"]
[SourceTitle "EXT 2024"]
[Source "ChessBase"]
[SourceDate "2023.10.10"]
[SourceVersion "1"]
[SourceVersionDate "2023.10.10"]
[SourceQuality "1"]

1. d4 Nf6 2. c4 g6 3. Nc3 Bg7 4. e4 d6 5. Nf3 0-0 6. Be3 Nbd7 7. h3 e5 8. d5 b6 9. b4 a5 10. a3 Bb7 11. Bd3 Qe7 12. 0-0 Nh5 13. Qd2 Ndf6 14. Nh2 Qd7 15. f4 Ng3 16. Rf3 Nfh5 17. Rc1 axb4 18. axb4 Ra7 19. f5 Rfa8 20. Ng4 c5 21. b5 Ra1 22. Bf2 Nxe4 23. Bxe4 Nf6 24. Nxf6+ Bxf6 25. fxg6 Qe7 26. gxh7+ Kh8 27. Rg3 Bh4 28. Rf3 Bg5 29. Be3 Bh4 30. Rcf1 Rxf1+ 31. Rxf1 Bc8 32. Qe2 f5 33. Bxf5 Bxf5 34. Rxf5 Qxh7 35. Rh5 Ra1+ 36. Kh2 Re1 37. Rxh7+ 1-0

[Event "Antioquia Region-ch U1800"]
[Site "Medellin"]
[Date "2009.09.??"]
[Round "4.14"]
[White "Benjumea, David"]
[Black "Polo, Salomon"]
[Result "0-1"]
[WhiteElo "1598"]
[BlackElo "1615"]
[PlyCount "73"]
[EventDate "2009.09.08"]
[EventType "tourn"]
[EventRounds "7"]
[EventCountry "COL"]
[SourceTitle "EXT 2024"]
[Source "ChessBase"]
[SourceDate "2023.10.10"]
[SourceVersion "1"]
[SourceVersionDate "2023.10.10"]
[SourceQuality "1"]

1. e4 e5 2. Nf3 Nf6 3. Nxe5 d6 4. Nf3 Nxe4 5. Nc3 Nxc3 6. dxc3 Be7 7. Be2 0-0 8. 0-0 Nc6 9. Bf4 Be6 10. Nd4 Bd7 11. Bd3 Bf6 12. Nxc6 Bxc6 13. Qh5 g6 14. Qh3 Bd7 15. Qf3 Bc6 16. Qe3 Re8 17. Qd2 Qd7 18. f3 Re7 19. Rfe1 Rae8 20. Re3 Rxe3 21. Bxe3 a6 22. Re1 Bh4 23. Bf2 Bxf2+ 24. Qxf2 Rxe1+ 25. Qxe1 Qe6 26. Qxe6 fxe6 27. Kf2 Kf7 28. Ke3 Kf6 29. Be4 Bxe4 30. Kxe4 c5 31. c4 h5 32. g3 g5 33. b3 b6 34. c3 Kg6 35. b4 Kf6 36. b5 a5 37. h3 0-1